Представление документа в формате RUSMARC

Поле Инд. ПП Название Значение
Тип записи a
Библиографический уровень a
001 Контрольный номер 16f0a88d0f3146c98223c95edebc38c0
005 Дата корректировки 20181120134551.2
100 a Данные общей обработки 20180626 ||| 0rusy0189 ca
101 0_ a Язык текста rus
102 a Страна публикации RU
200 1_ f Первые сведения об ответственности И.В. Целыковский
a Заглавие Независимость Банка России как фактор эффективного осуществления денежно-кредитной политики в Российской Федерации
210 d Дата издания 2018
461 _0 1 2000
a Закон и право
463 _0 1 2000
a №2
v С. 62-63
1 2101
d 2018
1 001cffc68b7230e4f5293851f0e15b6c238
606 a Основная рубрика Финансовое право
610 0_ a Ключевые слова ЦЕНТРАЛЬНЫЙ БАНК РФ
a Ключевые слова СТАТУС ПРАВОВОЙ
700 _1 a Фамилия Целыковский
b Имя И.В.
801 _0 a Страна RU
b Организация РГУП
c Дата составления 20180626
g Правила каталогизации PSBO
801 _1 a Страна RU
b Организация РГУП
c Дата составления 20180626
g Правила каталогизации PSBO
901 t Тип документа b
w Контрольный № источника cffc68b7230e4f5293851f0e15b6c238
905 a Дата ввода 20180626